000 00435nam a2200133Ia 4500
008 100328s9999 xx 000 0 und d
082 _b19900
100 _aबनहट्टी राजेंद्र
245 _aआंब्याची सावली
260 _bइनामदार बनु
630 _aआंब्याची सावली
730 _aआंब्याची सावली
942 _cBOOK
999 _c514142
_d514139